Sports Quiz

Random Sports Quiz

Icelandic footballers who have played in UEFA CL Quiz Stats

 Plays Quiz not verified by Sporcle

Score 0/6 Timer 03:00
0 Plays Today
Club % Correct
Chelsea, FC BarcelonaEidur Smari Gudjohnsen
99.3%
AjaxKolbeinn Sigthorsson
76.9%
RosenborgÁrni Gautur Arason
62.7%
FC KobenhavnSölvi Geir Ottesen
61.2%
PanathinaikosHelgi Sigurdsson
59.7%
Hertha BerlinEyjólfur Sverrisson
59.7%

You're not logged in!

Compare scores with friends on all Sporcle quizzes.
OR
Log In

You Might Also Like...

Show Comments

Extras

Created Sep 27, 2011ReportNominate
Tags:club, footballer, icelandic, UEFA

Top Quizzes Today


Score Distribution

Your Account Isn't Verified!

In order to create a playlist on Sporcle, you need to verify the email address you used during registration. Go to your Sporcle Settings to finish the process.

Report this User

Report this user for behavior that violates our Community Guidelines.

Details: